000 00540nam a2200193Ia 4500
005 20250508151520.0
008 008 250505s9999 xx 000 0 eng d
037 _aTextual
040 _aFEDL
_beng
_cFEDL
041 _aeng
_2eng
084 _a614, BUR
_qFEDL
100 _aBurkard W E
_9759366
245 0 _aYour health and happiness
260 _aChicago, USA
_bLyons and Carnahan
_c1950
300 _aviii,307p.
700 _a Chambers R L Maroney F W
_9759367
942 _cTEXL
_h614, BUR
999 _c1330293
_d1330293